How to develop and promote successful seminars and workshops : the definitive guide to creating and marketing seminars, workshops, classes, and conferences

Bibliographic Details
Main Author: Shenson, Howard L. (Author)
Format: Book
Published: New York : John Wiley , 1990
Subjects:

MARC

LEADER 00000cam a2200000 7i4500
001 0000005326
005 20040418093000.0
008 021118s1990
020 |a 0471527084 
090 0 0 |a AS6   |b .S49 1990 
100 0 |a Shenson, Howard L. ,   |e author 
245 1 0 |a How to develop and promote successful seminars and workshops :   |b the definitive guide to creating and marketing seminars, workshops, classes, and conferences   |c Howard L. Shenson 
260 2 |a New York :   |b John Wiley ,   |c 1990 
300 |a x, 275 p. :   |b ill. ;   |c 24 cm. 
504 |a Includes index 
650 0 |a Seminars   |x Handbooks, manuals, etc. 
999 |a 1000000206   |b Book   |c OPEN SHELF (30 DAYS)   |e Gong Badak Campus